000 00681nam a2200289Ia 4500
005 20260324121425.0
008 008 260324s9999 xx 000 0 eng d
020 _a9780203797389
037 _aEBOOK
040 _aCRL
040 _beng
040 _cCRL
041 _2eng
041 _aeng
084 _qCRL
100 _aDavid Gurnham
_91162466
245 0 _aCrime, Desire and Law's Unconscious
245 0 _bLaw, Literature and Culture
260 _bTaylor and Francis
260 _c2014
365 _a
365 _b240
856 _uhttp://www.taylorfrancis.com/books/9780203797389
942 _cEBOOK
999 _c1754550
_d1754550